000 00320nam a2200133Ia 4500
008 240624s9999 xx 000 0 und d
041 _aeng
082 _a823 NAR
100 _aNARAYAN R K
245 _aBACHELOR OF ARTS
260 _c2003
_aChennai
_bIndian Thought Publications
300 _a166 : cm. ; 22
365 _cRS
999 _c2288
_d2288